| 000 | 00336nam a22001337a 4500 | ||
|---|---|---|---|
| 082 |
_a510 _bSUV |
||
| 100 |
_aSuvorov, I _938941 |
||
| 245 | _aHigher mathematics | ||
| 260 |
_aPeace Publishers _bMockba _c1963 |
||
| 300 |
_a317 p, : _bill, : _c10 Cm |
||
| 526 |
_a0 _b0 _c0 _d510_000000000000000_SUV |
||
| 650 |
_aMCE _9379 |
||
| 942 |
_2ddc _cBK |
||
| 999 |
_c543546 _d543546 |
||